| 000 | 00000nam 2200000zi 4500 |
| 001 | 9.895262 |
| 003 | CaOODSP |
| 005 | 20230501140549 |
| 006 | m o d f |
| 007 | cr bn||||||||| |
| 008 | 210113s2021 onc ofb f000 0 fre d |
| 020 | |a9780660371078 |
| 040 | |aCaOODSP|bfre|erda|cCaOODSP |
| 043 | |an-cn--- |
| 086 | 1 |aT52-4/110-3-2021F-PDF |
| 245 | 00|aFacteurs humains pour l'aviation : |bguide de l'instructeur / |cprésenté par l’Équipe du projet des facteurs humains en aviation d'Air Canada. |
| 264 | 1|a[Ottawa] : |bTransports Canada = Transport Canada, |c2021. |
| 264 | 4|c©2021 |
| 300 | |a1 ressource en ligne (vi, 77 pages) |
| 336 | |atexte|btxt|2rdacontent/fre |
| 337 | |ainformatique|bc|2rdamedia/fre |
| 338 | |aressource en ligne|bcr|2rdacarrier/fre |
| 500 | |aPublié aussi en anglais sous le titre : Human factors for aviation: instructor's guide. |
| 500 | |aPublication retirée à la demande du ministère pour des implications de droit d'auteur, 2023-05-01. |
| 504 | |aComprend des références bibliographiques (pages 76-77). |
| 650 | 6|aAvions|xPilotage|xFacteurs humains|xÉtude et enseignement|zCanada. |
| 650 | 6|aAéronautique|xFacteurs humains|xÉtude et enseignement|zCanada. |
| 710 | 1 |aCanada. |bTransports Canada, |eorganisme de publication. |
| 775 | 08|tHuman factors for aviation : |w(CaOODSP)9.895259 |
| 776 | 0#|tFacteurs humains pour l'aviation : |w(CaOODSP)9.895263 |